SAS/STAT user's guide : (Record no. 12481)

000 -LEADER
fixed length control field 00423cam a2200169 a 4500
020 ## - INTERNATIONAL STANDARD BOOK NUMBER
ISBN 1555443761
040 ## - CATALOGING SOURCE
Transcribing agency NRC
082 ## - DEWEY DECIMAL CLASSIFICATION NUMBER
Classification number 001 SAS 1990 A007 Or.
245 00 - TITLE STATEMENT
Title SAS/STAT user's guide :
Remainder of title version 6.
250 ## - EDITION STATEMENT
Edition statement 4th ed.
260 ## - PUBLICATION, DISTRIBUTION, ETC. (IMPRINT)
Place of publication Cary, NC :
Name of publisher SAS Institute,
Year of publication c1990.
300 ## - PHYSICAL DESCRIPTION
Number of Pages 2 v. :
Other physical details ill. ;
Dimensions 28 cm.
650 #0 - SUBJECT ADDED ENTRY--TOPICAL TERM
Topical Term Mathematical statistics
650 #0 - SUBJECT ADDED ENTRY--TOPICAL TERM
Topical Term Statistics
710 2# - ADDED ENTRY--CORPORATE NAME
Corporate name or jurisdiction name as entry element SAS Institute.
942 ## - ADDED ENTRY ELEMENTS (KOHA)
Koha item type សៀវភៅភាសាអង់គ្លេស
952 ## - LOCATION AND ITEM INFORMATION (KOHA)
Withdrawn status [LOCAL, KOHA] 0
Holdings
Permanent Location Date acquired Koha item type Lost status Shelving location Barcode Current Location Full call number
Library Block A2017-08-14សៀវភៅភាសាអង់គ្លេស A007A17039Library Block A001 SAS 1990 A007 Or.
មជ្ឈមណ្ឌលឯការនៃសាកលវិទ្យាល័យភូមិន្ទកសិកម្មចំការដូង

Powered by Koha